عرض عادي
عرض مارك
- كوكس، جويس،
مدخل إسم شخص
001 - رقم الضبط
- حقل الضبط: 3186
003 - معرف رقم الضبط
- حقل الضبط: OSt
005 - تاريخ ووقت أخر عملية
- حقل الضبط: 20110825132611.0
008 - عناصر بيانات ثابتة الطول
- حقل تحكم ثابت الطول: 110825|||a|||||| | ||| d
040 ## - مصدر الفهرسة
- هيئة الفهرسة الأصلية: OSt
- وكالة الكتابة: OSt
100 ## - مدخل -- أسم شخص
- إسم شخص: كوكس، جويس،
- مصطلح الرابط: م. مشارك.
670 ## - بيانات المصدر موجوده
- الاستشهاد بالمصدر: Work cat.: (OSt): بريبيرناو، جوان. 3184, ًWindows 7 خطوة .. خطوة /
